<?xml version="1.0" encoding="UTF-8"?>
<record
    xmlns:xsi="http://www.w3.org/2001/XMLSchema-instance"
    xsi:schemaLocation="http://www.loc.gov/MARC21/slim http://www.loc.gov/standards/marcxml/schema/MARC21slim.xsd"
    xmlns="http://www.loc.gov/MARC21/slim">

  <leader>00917nam a2200241Ia 4500</leader>
  <controlfield tag="008">191130s2010##################000#0#eng##</controlfield>
  <datafield tag="020" ind1=" " ind2=" ">
    <subfield code="a">9783110220230</subfield>
  </datafield>
  <datafield tag="022" ind1=" " ind2=" ">
    <subfield code="a">2010002363</subfield>
  </datafield>
  <datafield tag="040" ind1=" " ind2=" ">
    <subfield code="a">ACL</subfield>
    <subfield code="c">ACL</subfield>
  </datafield>
  <datafield tag="082" ind1=" " ind2=" ">
    <subfield code="a">420.9 SPE</subfield>
  </datafield>
  <datafield tag="100" ind1=" " ind2=" ">
    <subfield code="a">Speyer, Augustin</subfield>
  </datafield>
  <datafield tag="245" ind1=" " ind2=" ">
    <subfield code="a">Topicalization and stress clash avoidance in the history of English</subfield>
    <subfield code="c">by Augustin Speyer</subfield>
  </datafield>
  <datafield tag="260" ind1=" " ind2=" ">
    <subfield code="a">Berlin ; New York</subfield>
    <subfield code="b">De Gruyter Mouton</subfield>
    <subfield code="c">c2010</subfield>
  </datafield>
  <datafield tag="300" ind1=" " ind2=" ">
    <subfield code="a">ix, 286 p. : ill. ; 24 cm</subfield>
  </datafield>
  <datafield tag="500" ind1=" " ind2=" ">
    <subfield code="a">Originally presented as the author's thesis (doctoral)--Johann Wolfgang Goethe Universit&#xE4;t Frankfurt, Germany-2008. Includes bibliographical references and indexes</subfield>
  </datafield>
  <datafield tag="650" ind1=" " ind2=" ">
    <subfield code="a">English language - Grammar, Historical</subfield>
  </datafield>
  <datafield tag="650" ind1=" " ind2=" ">
    <subfield code="a">English language - History</subfield>
  </datafield>
  <datafield tag="650" ind1=" " ind2=" ">
    <subfield code="a">English language - Syntax</subfield>
  </datafield>
  <datafield tag="650" ind1=" " ind2=" ">
    <subfield code="a">English language - Word order</subfield>
  </datafield>
  <datafield tag="990" ind1=" " ind2=" ">
    <subfield code="a">fe1c2e5bac10000c403e851a87d8ae74</subfield>
  </datafield>
  <datafield tag="991" ind1=" " ind2=" ">
    <subfield code="a">386585</subfield>
  </datafield>
  <datafield tag="999" ind1=" " ind2=" ">
    <subfield code="c">80537</subfield>
    <subfield code="d">80537</subfield>
  </datafield>
  <datafield tag="952" ind1=" " ind2=" ">
    <subfield code="0">0</subfield>
    <subfield code="1">0</subfield>
    <subfield code="3">hbk</subfield>
    <subfield code="4">0</subfield>
    <subfield code="7">0</subfield>
    <subfield code="a">ACL</subfield>
    <subfield code="b">ACL</subfield>
    <subfield code="c">4B</subfield>
    <subfield code="d">2020-10-09</subfield>
    <subfield code="l">0</subfield>
    <subfield code="o">420.9 SPE</subfield>
    <subfield code="p">344660</subfield>
    <subfield code="r">2020-10-09 00:00:00</subfield>
    <subfield code="w">2020-10-09</subfield>
    <subfield code="y">ENGLISH</subfield>
  </datafield>
</record>
